[Event "GRE-chT 50th"]
[Site "Nikaia"]
[Date "2023.08.28"]
[Round "5.8"]
[White "Kyparissopoulos, Spyridon"]
[Black "Giannoulis, Grigorios"]
[Result "1/2-1/2"]
[WhiteElo "1883"]
[BlackElo "1868"]
[PlyCount "70"]
[EventDate "2023.08.25"]
[EventType "team"]
[EventRounds "9"]
[EventCountry "GRE"]
[SourceTitle "EXT 2024"]
[Source "ChessBase"]
[SourceDate "2023.10.10"]
[SourceVersion "1"]
[SourceVersionDate "2023.10.10"]
[SourceQuality "1"]
[WhiteTeam "Likos Pirgos"]
[BlackTeam "Panionios"]
[WhiteTeamCountry "GRE"]
[BlackTeamCountry "GRE"]

1. e4 c5 2. Nc3 a6 3. g3 Nc6 4. Nf3 e5 5. Bg2 g6 6. d3 h6 7. Be3 d6 8. 0-0 Bg7 9. Qd2 Nf6 10. h3 Be6 11. Kh2 Qd7 12. Ne2 Rc8 13. c3 b6 14. c4 Nd4 15. Nfg1 h5 16. f3 h4 17. g4 Qc7 18. Nc3 b5 19. b3 b4 20. Nd5 Bxd5 21. exd5 Nd7 22. Rae1 0-0 23. Qf2 Qd8 24. f4 exf4 25. Bxf4 Ne5 26. Bxe5 Bxe5+ 27. Rxe5 dxe5 28. Nf3 Nxf3+ 29. Qxf3 Kg7 30. Qe3 Qe7 31. Be4 a5 32. g5 f5 33. gxf6+ Rxf6 34. Rg1 Rcf8 35. Rg2 Rh8 1/2-1/2

[Event "GRE-ch U16"]
[Site "Peristeri"]
[Date "2023.07.07"]
[Round "7"]
[White "Georgiadis, Athanasios Kat"]
[Black "Giannoulis, Grigorios"]
[Result "1-0"]
[WhiteElo "1800"]
[BlackElo "1854"]
[PlyCount "127"]
[EventDate "2023.07.03"]
[EventType "swiss"]
[EventRounds "9"]
[EventCountry "GRE"]
[SourceTitle "EXT 2024"]
[Source "ChessBase"]
[SourceDate "2023.10.10"]
[SourceVersion "1"]
[SourceVersionDate "2023.10.10"]
[SourceQuality "1"]

1. e4 c5 2. Nf3 a6 3. d3 Nc6 4. g3 g6 5. Bg2 Bg7 6. 0-0 d6 7. c3 e5 8. Nbd2 Nge7 9. a3 0-0 10. b4 h6 11. Bb2 Be6 12. Nb3 c4 13. dxc4 Bxc4 14. Re1 Rc8 15. Nbd2 Be6 16. c4 b5 17. cxb5 axb5 18. Nf1 Qc7 19. Ne3 Rfd8 20. Qd3 Qb7 21. Rad1 Na7 22. Nd5 Nxd5 23. exd5 Bf5 24. Qe3 Rc2 25. Ba1 Nc8 26. Nd2 Nb6 27. Rc1 Rdc8 28. Rxc2 Rxc2 29. Ne4 Qc7 30. Rd1 Ra2 31. Qb3 Qc4 32. Qxc4 Nxc4 33. Nc3 Rxa3 34. Nxb5 Rd3 35. Rc1 Rb3 36. Bf1 Nb6 37. Nxd6 Bd7 38. b5 Kf8 39. Nb7 Ke8 40. Re1 f6 41. f4 Kf8 42. fxe5 fxe5 43. Nc5 Ra3 44. Bxe5 Bxe5 45. Rxe5 Be8 46. d6 Rc3 47. Bh3 Rc1+ 48. Kf2 Rd1 49. d7 Bxd7 50. Nxd7+ Nxd7 51. Bxd7 Rxd7 52. b6 Rd2+ 53. Re2 Rd7 54. Rb2 Rb7 55. Kf3 Ke7 56. Ke4 Ke6 57. h4 Kd6 58. g4 Re7+ 59. Kd4 Rb7 60. h5 Ke6 61. hxg6 Kd6 62. g7 Rxg7 63. b7 Rxg4+ 64. Ke3 1-0

[Event "GRE-ch U14"]
[Site "Thessaloniki"]
[Date "2022.08.22"]
[Round "7"]
[White "Georgiadis, Anastasios"]
[Black "Giannoulis, Grigorios"]
[Result "1-0"]
[WhiteElo "1774"]
[BlackElo "1790"]
[PlyCount "127"]
[EventDate "2022.08.18"]
[EventType "swiss"]
[EventRounds "9"]
[EventCountry "GRE"]
[SourceTitle "EXT 2023"]
[Source "ChessBase"]
[SourceDate "2022.10.05"]
[SourceVersion "1"]
[SourceVersionDate "2022.10.05"]
[SourceQuality "1"]

1. d4 Nf6 2. Nf3 e6 3. Bf4 d5 4. e3 c5 5. c3 Nc6 6. Nbd2 Bd6 7. Bg3 0-0 8. Bd3 b6 9. Ne5 Bb7 10. f4 Nd7 11. Qh5 f5 12. Bh4 Be7 13. Bxe7 Qxe7 14. Nxd7 Qxd7 15. Bb5 Rf6 16. 0-0 Qe7 17. Bxc6 Bxc6 18. a4 Rg6 19. Qe2 Qe8 20. Qd1 b5 21. a5 b4 22. Nf3 bxc3 23. bxc3 Bb5 24. Rf2 Rf6 25. Ne5 Rc8 26. Qf3 a6 27. Kh1 Rh6 28. Rg1 cxd4 29. exd4 Qh5 30. g4 Qh4 31. gxf5 Rf8 32. fxe6 Rxe6 33. f5 Qe4 34. Qxe4 dxe4 35. fxe6 Rxf2 36. c4 Ba4 37. Re1 Rf4 38. d5 Kf8 39. d6 Rf6 40. e7+ Ke8 41. c5 Re6 42. Nc4 Bc6 43. Ne3 Kd7 44. Rb1 Bb5 45. Nd5 Bc6 46. Ne3 Ke8 47. Rb8+ Kf7 48. Rc8 Bd7 49. Rc7 Ke8 50. c6 Rxd6 51. cxd7+ Rxd7 52. Rxd7 Kxd7 53. Nd5 g5 54. Kg2 h5 55. Nf6+ Kxe7 56. Nxe4 Kd7 57. Nc5+ Kc6 58. Nxa6 Kb5 59. Nc7+ Kxa5 60. Ne6 g4 61. Kg3 Kb5 62. Nf4 Kc6 63. Nxh5 Kd7 64. Kxg4 1-0

[Event "GRE-ch U14"]
[Site "Thessaloniki"]
[Date "2022.08.21"]
[Round "5"]
[White "Giannoulis, Grigorios"]
[Black "Balafoutas, Dimitrios"]
[Result "1-0"]
[WhiteElo "1790"]
[BlackElo "1127"]
[PlyCount "121"]
[EventDate "2022.08.18"]
[EventType "swiss"]
[EventRounds "9"]
[EventCountry "GRE"]
[SourceTitle "EXT 2023"]
[Source "ChessBase"]
[SourceDate "2022.10.05"]
[SourceVersion "1"]
[SourceVersionDate "2022.10.05"]
[SourceQuality "1"]

1. e4 c5 2. Nf3 d6 3. d4 cxd4 4. Nxd4 Nf6 5. Nc3 Nc6 6. Bg5 e6 7. Qd3 a6 8. Nxc6 bxc6 9. 0-0-0 h6 10. Bf4 d5 11. Be2 Qb6 12. Qg3 Bd7 13. Be5 Rc8 14. Rhf1 Nxe4 15. Nxe4 dxe4 16. Qf4 Be7 17. Qxe4 Bf6 18. Qd3 Qb7 19. Bxf6 gxf6 20. Qxa6 Qxa6 21. Bxa6 Ra8 22. Bc4 Ke7 23. Rd3 Rhd8 24. Rfd1 c5 25. Rd6 Ba4 26. Rb6 Rxd1+ 27. Kxd1 Rd8+ 28. Kc1 Rd4 29. b3 Bd7 30. Be2 f5 31. a4 Rb4 32. Rxb4 cxb4 33. c3 bxc3 34. Kc2 Bc6 35. Bf3 Bd7 36. Kxc3 Kd6 37. Kc4 e5 38. a5 e4 39. Be2 Be6+ 40. Kb4 f4 41. Bc4 e3 42. fxe3 fxe3 43. Kc3 Bxc4 44. bxc4 f5 45. Kd3 f4 46. g3 fxg3 47. hxg3 Kc6 48. a6 Kb6 49. Kxe3 Kxa6 50. Kd4 Kb7 51. Kd5 Kc7 52. Kc5 h5 53. Kd5 Kd7 54. Ke5 Kc6 55. Kf5 Kc5 56. Kg5 Kxc4 57. Kxh5 Kd5 58. g4 Ke6 59. g5 Kf7 60. Kh6 Kg8 61. Kg6 1-0

[Event "GRE-chT 49th"]
[Site "Thessaloniki"]
[Date "2022.08.12"]
[Round "1.10"]
[White "Giannoulis, Grigorios"]
[Black "Moschopoulos, Aristeidis"]
[Result "1-0"]
[WhiteElo "1790"]
[BlackElo "1086"]
[PlyCount "67"]
[EventDate "2022.08.12"]
[EventType "team-swiss"]
[EventRounds "7"]
[EventCountry "GRE"]
[SourceTitle "CBM 209 Extra"]
[Source "ChessBase"]
[SourceDate "2022.09.30"]
[SourceVersion "1"]
[SourceVersionDate "2022.09.30"]
[SourceQuality "1"]
[WhiteTeam "Panionios YS"]
[BlackTeam "Eso Papafe Chronikon"]
[WhiteTeamCountry "GRE"]
[BlackTeamCountry "GRE"]

1. e4 c5 2. Nf3 d6 3. d4 cxd4 4. Nxd4 Nf6 5. Nc3 a6 6. h3 e6 7. g4 Be7 8. g5 Nfd7 9. h4 Qc7 10. Be3 Nc6 11. Qd2 Nb6 12. Nxc6 Qxc6 13. Qd4 Nd7 14. Qxg7 Rf8 15. Qxh7 Nc5 16. g6 fxg6 17. Qxg6+ Kd7 18. h5 Bf6 19. Bd2 b5 20. a3 Bb7 21. f3 Bxc3 22. Bxc3 Rxf3 23. Be2 Re3 24. Qg7+ Kc8 25. Qf8+ Kd7 26. Qf7+ Kc8 27. Rh2 Rxe4 28. h6 Rxe2+ 29. Kxe2 Qe4+ 30. Kf1 Qc4+ 31. Re2 a5 32. h7 Kb8 33. h8Q+ Ka7 34. Qd4 1-0

[Event "GRE-ch U14 Attiki"]
[Site "Peristeri"]
[Date "2022.06.24"]
[Round "1"]
[White "Mastichiadis, Emmanouil"]
[Black "Giannoulis, Grigorios"]
[Result "0-1"]
[WhiteElo "1082"]
[BlackElo "1813"]
[PlyCount "132"]
[EventDate "2022.06.24"]
[EventType "swiss"]
[EventRounds "7"]
[EventCountry "GRE"]
[SourceTitle "EXT 2023"]
[Source "ChessBase"]
[SourceDate "2022.10.05"]
[SourceVersion "1"]
[SourceVersionDate "2022.10.05"]
[SourceQuality "1"]

1. e4 c5 2. Nc3 d6 3. Bb5+ Nd7 4. Bxd7+ Bxd7 5. d3 g6 6. f4 Bg7 7. Nf3 e6 8. 0-0 Ne7 9. Qe1 Nc6 10. e5 Nb4 11. Rf2 Bc6 12. a3 Na6 13. Rb1 Bxf3 14. Rxf3 dxe5 15. fxe5 Qd4+ 16. Be3 Qxe5 17. Ne4 f5 18. Bf4 Qd4+ 19. Be3 Qd5 20. c4 Qxd3 21. Nxc5 Nxc5 22. Bxc5 Qd7 23. Rd1 Qc6 24. Bd4 Bxd4+ 25. Rxd4 0-0 26. Qh4 Qb6 27. b4 e5 28. c5 Qf6 29. Qxf6 Rxf6 30. Rd7 e4 31. Rh3 h5 32. Rxb7 Rf7 33. Rxf7 Kxf7 34. Rc3 Ke6 35. c6 Kd6 36. b5 Kc7 37. Kf2 Rd8 38. Rc2 Rd4 39. Ke3 Rd3+ 40. Kf4 Rxa3 41. Kg5 Ra5 42. Rb2 Ra1 43. Kxg6 Rf1 44. Ra2 e3 45. Rxa7+ Kd6 46. Rd7+ Ke6 47. Rd8 Rc1 48. Re8+ Kd6 49. Rxe3 Rc5 50. Kxh5 f4+ 51. Kg4 fxe3 52. Kf3 Re5 53. Ke2 Rxb5 54. Kxe3 Kxc6 55. g4 Kd6 56. Kf4 Ke6 57. h4 Kf6 58. g5+ Kg6 59. Kg4 Rb4+ 60. Kh3 Kh5 61. g6 Rxh4+ 62. Kg3 Rg4+ 63. Kh3 Rxg6 64. Kh2 Kh4 65. Kh1 Kg3 66. Kg1 Rf6 0-1

[Event "GRE-ch Online Blitz op 1st"]
[Site "Tornelo INT"]
[Date "2021.02.07"]
[Round "9"]
[White "Giannoulis, Grigorios"]
[Black "Gioras, Ioannis"]
[Result "0-1"]
[WhiteElo "1198"]
[BlackElo "1502"]
[PlyCount "142"]
[EventDate "2021.02.07"]
[EventType "swiss (blitz)"]
[EventRounds "16"]
[EventCountry "GRE"]
[SourceTitle "EXT 2023"]
[Source "ChessBase"]
[SourceDate "2022.10.05"]
[SourceVersion "1"]
[SourceVersionDate "2022.10.05"]
[SourceQuality "1"]

1. e4 c5 2. Nf3 g6 3. d4 cxd4 4. Nxd4 Nc6 5. Nc3 Bg7 6. Be3 Nf6 7. f3 0-0 8. Bc4 d5 9. Nxd5 Nxd5 10. exd5 Nxd4 11. Bxd4 e5 12. Bc3 Qb6 13. Qd2 Bd7 14. Qf2 Qc7 15. Bb3 a5 16. a4 Rfc8 17. 0-0 Qd6 18. Rad1 b5 19. axb5 Bxb5 20. Rfe1 a4 21. Ba2 a3 22. Bb3 Bc4 23. Qd2 Bxb3 24. cxb3 axb2 25. Qxb2 Qc5+ 26. Kf1 Qxc3 27. Qxc3 Rxc3 28. b4 Rb3 29. Rb1 Rxb1 30. Rxb1 Rb8 31. b5 Bf8 32. Ke2 f5 33. Kd3 Kf7 34. b6 Ke7 35. Kc4 Kd6 36. Rb5 Kd7 37. g3 Bd6 38. Kb3 e4 39. fxe4 fxe4 40. Kc4 Re8 41. Rb2 e3 42. Re2 g5 43. Kd4 h5 44. Kc4 g4 45. Kd4 Re7 46. Rxe3 Bc5+ 47. Kxc5 Rxe3 48. Kb5 Re2 49. Ka6 Ra2+ 50. Kb7 Rxh2 51. Ka8 Ra2+ 52. Kb8 Kd6 53. b7 Rb2 54. Kc8 Kxd5 55. b8B Rxb8+ 56. Kxb8 Ke4 57. Kc7 Kf3 58. Kd6 Kxg3 59. Kd5 Kf2 60. Kd4 g3 61. Kd3 g2 62. Ke4 h4 63. Kf5 h3 64. Ke5 h2 65. Kd4 h1Q 66. Kd5 g1Q+ 67. Kc5 Qh5+ 68. Kc4 Qgg4+ 69. Kd3 Qd5+ 70. Kc2 Qgc4+ 71. Kb1 Qdb5+ 0-1

[Event "GRE-ch Online Blitz op 1st"]
[Site "Tornelo INT"]
[Date "2021.02.07"]
[Round "1"]
[White "Giannoulis, Grigorios"]
[Black "Laggousis, Andreas"]
[Result "1/2-1/2"]
[WhiteElo "1198"]
[BlackElo "1856"]
[PlyCount "182"]
[EventDate "2021.02.07"]
[EventType "swiss (blitz)"]
[EventRounds "16"]
[EventCountry "GRE"]
[SourceTitle "EXT 2023"]
[Source "ChessBase"]
[SourceDate "2022.10.05"]
[SourceVersion "1"]
[SourceVersionDate "2022.10.05"]
[SourceQuality "1"]

1. e4 c6 2. d4 d5 3. exd5 cxd5 4. Bd3 Nf6 5. Bf4 Nc6 6. c3 g6 7. Nf3 Bg7 8. 0-0 0-0 9. Nbd2 Bg4 10. h3 Bd7 11. Qb3 Qb6 12. Qxb6 axb6 13. Bc7 Rfc8 14. Bxb6 Na5 15. Bxa5 Rxa5 16. Nb3 Raa8 17. Ne5 Be8 18. Rfe1 e6 19. g3 Nd7 20. Nxd7 Bxd7 21. Nc5 Bc6 22. a3 b6 23. Nb3 Ba4 24. Nd2 Bc6 25. Nf3 Be8 26. Ne5 Rc7 27. Re2 Ba4 28. Rae1 Bb3 29. Nf3 Rb8 30. Nd2 Ba4 31. Rc1 Rbc8 32. Kg2 Bh6 33. f4 Bg7 34. Nf3 Bb3 35. Nd2 Ba4 36. Bc2 Bd7 37. Kf3 h5 38. g4 hxg4+ 39. hxg4 Bb5 40. Rh2 Ba6 41. Ke3 Re8 42. Nf3 Bc4 43. Rch1 Ba6 44. Ne5 Bb7 45. Rh7 Bc8 46. g5 Rd8 47. Ng4 e5 48. Nxe5 Re7 49. Kd2 Rde8 50. R7h2 Ba6 51. Bd3 Bc8 52. Bb5 Rd8 53. Nc6 Rdd7 54. Nxe7+ Rxe7 55. Bd3 Bg4 56. Rg1 Be6 57. Re2 Rc7 58. Rge1 Kf8 59. Bxg6 Bd7 60. Bd3 Ba4 61. f5 f6 62. g6 Bh6+ 63. Re3 Kg7 64. Ke2 Bxe3 65. Kxe3 Kh6 66. Kf4 Kg7 67. Rh1 Kg8 68. Be2 Be8 69. Bf3 Re7 70. Bxd5+ Kf8 71. Rh8+ Kg7 72. Rh7+ Kf8 73. g7+ Rxg7 74. Rxg7 Kxg7 75. c4 Kf8 76. c5 bxc5 77. dxc5 Ke7 78. b4 Kd8 79. Ke4 Kc7 80. Kd4 Bb5 81. Bc4 Bd7 82. Be6 Bb5 83. Kc3 Kc6 84. Bc4 Ba4 85. b5+ Kxc5 86. Be2 Kb6 87. Kd4 Bc2 88. Bg4 Kxb5 89. Kd5 Ka4 90. Ke6 Bxf5+ 91. Kxf6 Kxa3 1/2-1/2

[Event "GRE-ch Online Blitz op 1st"]
[Site "Tornelo INT"]
[Date "2021.02.07"]
[Round "12"]
[White "Giannoulis, Grigorios"]
[Black "Lekkas, Anastasios"]
[Result "1-0"]
[WhiteElo "1198"]
[BlackElo "1389"]
[PlyCount "49"]
[EventDate "2021.02.07"]
[EventType "swiss (blitz)"]
[EventRounds "16"]
[EventCountry "GRE"]
[SourceTitle "EXT 2023"]
[Source "ChessBase"]
[SourceDate "2022.10.05"]
[SourceVersion "1"]
[SourceVersionDate "2022.10.05"]
[SourceQuality "1"]

1. e4 e6 2. b3 d5 3. Bb2 dxe4 4. Nc3 Nf6 5. Qe2 c5 6. 0-0-0 Nc6 7. g4 h6 8. Bg2 Be7 9. h4 Bd7 10. Nxe4 Nxe4 11. Qxe4 Bf6 12. Ne2 Bxb2+ 13. Kxb2 Qf6+ 14. Nc3 b5 15. g5 hxg5 16. hxg5 Rxh1 17. gxf6 Rxd1 18. fxg7 Ke7 19. Qh4+ f6 20. Bxc6 Bxc6 21. Nxd1 Rg8 22. Qg3 e5 23. Ne3 Kf7 24. Nf5 Bd7 25. Nh6+ 1-0

[Event "GRE-ch Online Blitz op 1st"]
[Site "Tornelo INT"]
[Date "2021.02.07"]
[Round "7"]
[White "Giannoulis, Grigorios"]
[Black "Tsitsirikis, Grigorios"]
[Result "1-0"]
[WhiteElo "1198"]
[BlackElo "1516"]
[PlyCount "141"]
[EventDate "2021.02.07"]
[EventType "swiss (blitz)"]
[EventRounds "16"]
[EventCountry "GRE"]
[SourceTitle "EXT 2023"]
[Source "ChessBase"]
[SourceDate "2022.10.05"]
[SourceVersion "1"]
[SourceVersionDate "2022.10.05"]
[SourceQuality "1"]

1. e4 c5 2. Nf3 d6 3. d4 cxd4 4. Nxd4 Nf6 5. Nc3 a6 6. Nb3 e5 7. Bg5 Be7 8. Qd3 Be6 9. Bxf6 Bxf6 10. Nd5 Bxd5 11. Qxd5 Nc6 12. Rd1 Be7 13. c3 0-0 14. Be2 Qc7 15. 0-0 Rad8 16. g3 Kh8 17. Bf3 Qc8 18. Bg2 f5 19. Na5 Nxa5 20. Qxa5 f4 21. Rfe1 f3 22. Bf1 Qg4 23. Qc7 Rde8 24. h3 Qg6 25. Kh2 h5 26. Qxb7 Qf6 27. Qxa6 h4 28. Qd3 Qe6 29. g4 Qf6 30. Qe3 Qg6 31. Bb5 Bg5 32. Qd3 Re7 33. Qxd6 Rf6 34. Qxe7 Kh7 35. Qe8 Qxe8 36. Bxe8 Bf4+ 37. Kh1 Ra6 38. a3 Rb6 39. Bd7 Rxb2 40. Bf5+ g6 41. Kg1 gxf5 42. exf5 Kg7 43. Rd7+ Kf6 44. c4 Rc2 45. Rc7 e4 46. Rc6+ Kf7 47. a4 e3 48. fxe3 f2+ 49. Kf1 fxe1Q+ 50. Kxe1 Bxe3 51. Rc7+ Kf8 52. a5 Ra2 53. Rc8+ Kf7 54. Ra8 Bc5 55. a6 Kf6 56. Rc8 Be3 57. Rc6+ Kg5 58. f6 Kg6 59. c5 Ra1+ 60. Ke2 Bg1 61. Kd3 Kf7 62. Kc4 Rc1+ 63. Kd5 Rd1+ 64. Ke4 Ra1 65. Kf5 Bxc5 66. Rxc5 Rxa6 67. Rc7+ Kf8 68. g5 Ra3 69. Kg6 Ke8 70. f7+ Kf8 71. Rc8+ 1-0

[Event "GRE-ch Online Rapid op 1st"]
[Site "Tornelo INT"]
[Date "2021.02.06"]
[Round "8"]
[White "Giannoulis, Grigorios"]
[Black "Alexandri, Dimitra"]
[Result "1/2-1/2"]
[WhiteElo "1386"]
[BlackElo "1119"]
[PlyCount "68"]
[EventDate "2021.02.06"]
[EventType "swiss (rapid)"]
[EventRounds "8"]
[EventCountry "GRE"]
[SourceTitle "EXT 2023"]
[Source "ChessBase"]
[SourceDate "2022.10.05"]
[SourceVersion "1"]
[SourceVersionDate "2022.10.05"]
[SourceQuality "1"]

1. e4 e5 2. Nf3 Nc6 3. Bb5 a6 4. Ba4 Nf6 5. d3 b5 6. Bb3 Bc5 7. 0-0 0-0 8. c3 d6 9. Bg5 Bg4 10. h3 Bh5 11. Nbd2 h6 12. Bh4 Bb6 13. a4 Qe7 14. Re1 Rfe8 15. Nf1 g5 16. Bg3 Qd8 17. Bc2 Bg6 18. h4 g4 19. N3h2 h5 20. Ne3 Bxe3 21. fxe3 Kg7 22. Rf1 Rf8 23. Qe2 Qe7 24. Rf2 Nd7 25. Raf1 Nc5 26. axb5 axb5 27. b4 Nd7 28. Nxg4 hxg4 29. Qxg4 Qe6 30. Rf5 Nf6 31. Qg5 Nh7 32. Qg4 Nf6 33. Qg5 Nh7 34. Qg4 Nf6 1/2-1/2

[Event "GRE-ch Online Rapid op 1st"]
[Site "Tornelo INT"]
[Date "2021.02.06"]
[Round "4"]
[White "Giannoulis, Grigorios"]
[Black "Nikolakopoulos, Vasileios"]
[Result "1-0"]
[WhiteElo "1386"]
[BlackElo "1124"]
[PlyCount "73"]
[EventDate "2021.02.06"]
[EventType "swiss (rapid)"]
[EventRounds "8"]
[EventCountry "GRE"]
[SourceTitle "EXT 2023"]
[Source "ChessBase"]
[SourceDate "2022.10.05"]
[SourceVersion "1"]
[SourceVersionDate "2022.10.05"]
[SourceQuality "1"]

1. e4 c5 2. Nf3 d6 3. d4 cxd4 4. Nxd4 Nf6 5. Nc3 a6 6. Nb3 e6 7. g4 h6 8. h4 Be7 9. Rg1 Nfd7 10. Be3 Nc5 11. g5 Nxb3 12. axb3 Nc6 13. g6 f6 14. Bh3 e5 15. Qd5 Rf8 16. Bxc8 Rxc8 17. Ra4 b5 18. Rxa6 Qd7 19. Qxb5 Nd4 20. Qxd7+ Kxd7 21. Bxd4 exd4 22. Nd5 Ra8 23. Rxa8 Rxa8 24. Nb6+ Kc7 25. Nxa8+ Kb7 26. Kd2 Kxa8 27. c3 dxc3+ 28. bxc3 Kb7 29. Kd3 Kc6 30. Kd4 Bd8 31. Ra1 Bb6+ 32. Kc4 Bxf2 33. Ra6+ Kc7 34. Kd5 Bxh4 35. Ra7+ Kb6 36. Rxg7 Bg5 37. Rh7 1-0

[Event "GRE-chT 47th"]
[Site "Patras"]
[Date "2019.07.03"]
[Round "2.1"]
[White "Dristellas, Neoklis"]
[Black "Giannoulis, Grigorios"]
[Result "0-1"]
[WhiteElo "1577"]
[BlackElo "1447"]
[PlyCount "124"]
[EventDate "2019.07.02"]
[EventType "team-swiss"]
[EventRounds "7"]
[EventCountry "GRE"]
[SourceTitle "CBM 191 Extra"]
[Source "ChessBase"]
[SourceDate "2019.09.30"]
[SourceVersion "1"]
[SourceVersionDate "2019.09.30"]
[SourceQuality "1"]
[WhiteTeam "Kavalas"]
[BlackTeam "Panionios GA"]
[WhiteTeamCountry "GRE"]
[BlackTeamCountry "GRE"]

1. e4 e5 2. Nf3 Nc6 3. d4 exd4 4. Bc4 Nf6 5. e5 d5 6. Bb5 Ne4 7. Nxd4 Bc5 8. Be3 Bxd4 9. Bxd4 0-0 10. Bxc6 bxc6 11. Nd2 Nxd2 12. Qxd2 Re8 13. 0-0 Bf5 14. Rfe1 Re6 15. f3 a6 16. Re3 Qh4 17. Qf2 Qxd4 18. c3 Qc5 19. g4 Rg6 20. Kh1 Bd7 21. h3 Re8 22. Rae1 Rge6 23. f4 f6 24. b4 Qf8 25. g5 fxe5 26. f5 Rg6 27. h4 Bxf5 28. Rf3 Be4 29. Rxe4 dxe4 30. Rxf8+ Rxf8 31. Qe3 Rf4 32. Qh3 e3 33. Qxe3 Rxh4+ 34. Kg2 Rg4+ 35. Kf3 R4xg5 36. Qd2 Rf6+ 37. Ke4 Rg4+ 38. Ke3 Rd6 39. Qe2 Rg3+ 40. Ke4 Rdd3 41. Qb2 Rge3+ 42. Kf5 Rxc3 43. a4 g6+ 44. Ke6 Rcd3 45. Qa2 Kg7 46. Qf2 Rf3 47. Qe2 e4 48. Qb2+ Rc3 49. Qh2 Rg3 50. Qf2 Rcf3 51. Qb2+ Kh6 52. Qh2+ Rh3 53. Qd2+ e3 54. Qc1 Kg7 55. Qc3+ Kh6 56. Qc1 Kg5 57. Qc5+ Rf5 58. Qc1 Rg3 59. Qe1 Rff3 60. Ke5 e2 61. Ke4 Re3+ 62. Kd4 h5 0-1